| 000 | 01008nam a22001337a 4500 | ||
|---|---|---|---|
| 999 |
_c533149 _d533149 |
||
| 008 | 260427b ||||| |||| 00| 0 eng d | ||
| 100 |
_aKumar, Rupak _960262 |
||
| 245 | _aJoint parliamentary committees in INDIA: Evolving patterns and frameworks | ||
| 260 | _aEconomic & Political Weekly | ||
| 300 | _a61(7), Feb 14, 2026: p.59-65 | ||
| 520 | _aThere is a need to discern patterns and evolve a framework to understand parliamentary committees in India, especially joint parliamentary committees. The institutional arguments for sub-institutions like committees are situated in the larger discourse of political processes. Does the realpolitik in the Indian scenario enable the functioning, effectiveness, or efficacy of JPCs and what ails the working of parliamentary committees in India or its so-called “mini-Parliaments”?-Reproduced https://www.epw.in/journal/2026/7/special-articles/joint-parliamentary-committees-india.html | ||
| 773 | _aEconomic & Political Weekly | ||
| 942 | _cAR | ||